000 00364nam a22001337a 4500
020 _a0-408-05272-4
082 _a670.420288 DUN
100 _aDUNLOP, C.L
_967358
245 _aA PRACTICAL GUIDE TO MAINTENANCE ENGINEERING
260 _aLONDON
_bBUTTERWORTHS
_c1990
300 _a173P
650 _aINDUSTRIAL EQUIPMENT-MAINTENANCE AND REPAIR
_967359
942 _cBK
999 _c575158
_d575158